000 02496 a2200241 4500
001 48400
005 20260407155748.0
008 260407a2018 arg spa d
003 AR-UNSa-BCEJYS
040 _aAR-UNSa-BCEJYS
_bspa
_cAR-UNSa-BCEJYS
080 _a336.11
_xFinanzas públicas como estudio de la gestión financiera. Teoría, métodos de las finanzas públicas en general
245 1 0 _aLa inclusión financiera para la inserción productiva y el papel de la banca de desarrollo
020 _a978-92-1-121998-2
264 1 _aSantiago de Chile :
_bCEPAL (Comisión Económica para América Latina y el Caribe)
_c2018
300 _a355 p.
_c22 cm.
505 _a1. Hechos estilizados sobre la inclusión financiera en América Latina / Georgina Cipoletta Tomassia; Adriana Matos - 2. La banca de desarrollo y la innovación para la inclusión financiera / Esteban Pérez Caldentey; Daniel Titelman - 3. Inclusión financiera de las pequeñas y medianas empresas en la Argentina / Sergio Woyecheszen, en colaboración con María Delfina Rossi - 4. Inclusión financiera de las micro, pequeñas y medianas empresas en el Brasil / Germano Mendes de Paula; Sávio de Carvallo Arújo; Welber Tomás de Oliveira - 5. Inclusión financiera de las pequeñas y medianas empresas en México: el papel de la banca de desarrollo / Ramón Lecuona V. - 6. Inclusión financiera de las pequeñas y medianas empresas en Colombia / Luis Alberto Zuleta J. - 7. Inclusión financiera de las microempresas y las pequeñas y medianas empresas en el Perú: el caso de la banca de desarrollo / Janina León - 8. Inclusión financiera de las pequeñas y medianas empresas en el Ecuador / Sylvia Neira Burneo - 9. Inclusión financiera de las pequeñas y medianas empresas en Costa Rica / Francisco Sancho Villalobos - 10. Inclusión financiera en América Latina desde una perspectiva regional / Joâo Carlos Ferraz; Luma Ramos - 11. Una caja de herramientas para promover la inclusión financiera / Ramón Lecuona Sylvia Neira Burneo; Luis Alberto Zuleta - 12. Aspectos a considerar en la construcción de un sistema financiero inclusivo para el financiamiento productivo / Esteban Pérez Caldentey; Daniel Titelman; Luis Rodrigo Díaz Pavez.
041 _aspa
942 _cBK
590 _aniveau_biblio:m niveau_hierar:0
100 1 _aPérez Caldentey, Esteban
700 1 _aTitelman, Daniel
856 4 1 _uhttps://www.biblioeco.unsa.edu.ar/pmb/images/libros/L127889.jpg
_yImagen de portada
_qimage/jpeg
999 _c4588
_d4588